[Event "Jugoslavija 82/171"]
[Site "?"]
[Date "2001.??.??"]
[Round "?"]
[White "Nevednichy, V."]
[Black "Sakaev, K."]
[Result "1/2-1/2"]
[WhiteElo "2588"]
[BlackElo "2630"]
[PlyCount "79"]
[EventDate "2001.??.??"]
[Source "Chess Informant"]
[SourceDate "2001.06.01"]

1. e4 c5 2. Nf3 d6 3. Bb5+ Bd7 4. Bxd7+ Qxd7 5. O-O Nc6 6. c3 Nf6 7. d4 Nxe4 8. d5 Nd8 9. Re1 Nf6 10. Bg5 Ng8 11. Nbd2 h6 12. Bf4 g5 13. Bxd6 Qxd6 14. Ne4 Qb8 15. b4 Bg7 16. bxc5 Kf8 17. h4 Nf6 18. Ng3 Qc8 19. c4 gxh4 20. Nxh4 Qg4 21. Qd3 Qxh4 22. Rxe7 Nxd5 23. Re4 Qg5 24. Rae1 Nf6 25. Re5 Qg6 26. Qb3 Nc6 27. Qxb7 Nxe5 28. Qxa8+ Ne8 29. Qxa7 h5 30. c6 Qxc6 31. Nf5 Bf6 32. Rxe5 Kg8 33. Qe3 Ng7 34. c5 Kh7 35. Qd3 Nxf5 36. Rxf5 Kg7 37. Qg3+ Kf8 38. Qb8+ Kg7 39. Qg3+ Kf8 40. Qb8+ 1/2-1/2

[Event "Open"]
[Site "Geneve"]
[Date "2004.01.29"]
[Round "5"]
[White "Ulibin, Mikhail"]
[Black "Sutovsky, Emil"]
[Result "1/2-1/2"]
[WhiteElo "2570"]
[BlackElo "2646"]
[PlyCount "96"]
[EventDate "2004.??.??"]
[Source "Roberto Alvarez"]
[SourceDate "2004.02.23"]

1. e4 c5 2. Nf3 d6 3. Bb5+ Bd7 4. Bxd7+ Qxd7 5. O-O Nc6 6. c3 Nf6 7. d4 Nxe4 8. d5 Ne5 9. Re1 Nxf3+ 10. Qxf3 Nf6 11. c4 e5 12. dxe6 fxe6 13. Bg5 Be7 14. Nc3 O-O 15. Qh3 h6 16. Qxe6+ Qxe6 17. Rxe6 Kf7 18. Bxf6 Kxe6 19. Bxg7 Rf7 20. Bxh6 Bf6 21. Rc1 a6 22. b3 b5 23. Ne4 bxc4 24. bxc4 Rb8 25. Re1 Kd7 26. Nxd6 Re7 27. Rd1 Kc6 28. Nf5 Re2 29. Rd6+ Kc7 30. g3 Bd4 31. Nxd4 Re1+ 32. Kg2 Kxd6 33. Bf4+ Kd7 34. Nf3 Ree8 35. Bxb8 Rxb8 36. Ne5+ Ke6 37. Nd3 Rb1 38. h4 Rd1 39. Nf4+ Ke5 40. h5 Kf5 41. Kf3 Kg5 42. g4 Ra1 43. Ne6+ Kh6 44. Ke4 Rxa2 45. f4 a5 46. Nxc5 a4 47. Nxa4 Rxa4 48. Kd5 Rb4 1/2-1/2

[Event "Esbjerg 85/181"]
[Site "?"]
[Date "2002.??.??"]
[Round "?"]
[White "Glek, I."]
[Black "Stefansson, H."]
[Result "1-0"]
[WhiteElo "2590"]
[BlackElo "2588"]
[PlyCount "57"]
[EventDate "2002.??.??"]
[Source "Chess Informant"]
[SourceDate "2002.06.01"]

1. e4 c5 2. Nf3 d6 3. Bb5+ Bd7 4. Bxd7+ Qxd7 5. O-O Nc6 6. c3 Nf6 7. d4 Nxe4 8. d5 Ne5 9. Nxe5 dxe5 10. Re1 Nf6 11. c4 e6 12. Nc3 Be7 13. Rxe5 exd5 14. Bg5 d4 15. Ne4 O-O-O 16. Nxc5 Qc7 17. Nd3 Kb8 18. c5 Ka8 19. Qf3 Rd7 20. Rae1 Bd8 21. Nb4 Qc8 22. c6 bxc6 23. Nxc6 Qb7 24. a4 d3 25. Bd2 Rd6 26. Rc1 a6 27. b4 Nd7 28. Rf5 f6 29. b5 1-0

[Event "Vrsac YUG"]
[Site "Vrsac YUG"]
[Date "1971.??.??"]
[Round "?"]
[White "Ivkov, Borislav"]
[Black "Mecking, Henrique"]
[Result "1/2-1/2"]
[WhiteElo "2570"]
[BlackElo "2550"]
[PlyCount "84"]
[EventDate "1971.??.??"]
[Source "www.chesslib.no"]
[SourceDate "2004.05.04"]

1. e4 c5 2. Nf3 d6 3. Bb5+ Bd7 4. Bxd7+ Qxd7 5. O-O Nc6 6. c3 Nf6 7. d4 Nxe4 8. d5 Nb8 9. Re1 Nf6 10. Bg5 Na6 11. c4 Nc7 12. Nc3 e6 13. dxe6 fxe6 14. Nd5 Ncxd5 15. cxd5 e5 16. Rxe5+ dxe5 17. Nxe5 Qf5 18. Qa4+ Kd8 19. Nf7+ Kc8 20. Re1 Qd7 21. Qxd7+ Kxd7 22. Nxh8 Re8 23. Rd1 Re2 24. d6 Ne4 25. Be3 Rxb2 26. Nf7 Nc3 27. Ne5+ Ke6 28. d7 Be7 29. Re1 Kxe5 30. Bxc5+ Re2 31. Rxe2+ Nxe2+ 32. Kf1 Ke6 33. Bxe7 Kxe7 34. Kxe2 Kxd7 35. Kd3 Kd6 36. Kd4 b5 37. f4 g6 38. g4 h6 39. h3 a5 40. Ke4 Ke6 41. Kd4 Kd6 42. Ke4 Ke6 1/2-1/2

[Event "Pedro Zabala (6eme memorial)"]
[Site "?"]
[Date "2004.10.12"]
[Round "9"]
[White "Glek Igor V"]
[Black "Genov Petar"]
[Result "1/2-1/2"]
[WhiteElo "2580"]
[BlackElo "2498"]
[PlyCount "115"]
[EventDate "2004.??.??"]
[Source "www.chesslib.no"]
[SourceDate "2004.05.04"]

1. e4 c5 2. Nf3 d6 3. Bb5+ Bd7 4. Bxd7+ Qxd7 5. O-O Nc6 6. c3 Nf6 7. d4 cxd4 8. cxd4 d5 9. e5 Ne4 10. Ne1 f6 11. f3 Ng5 12. Bxg5 fxg5 13. f4 gxf4 14. Nd3 e6 15. Nxf4 O-O-O 16. Nc3 Kb8 17. Qd3 Bb4 18. Rad1 Ba5 19. Kh1 Bb6 20. Nce2 g6 21. Rf3 Rhf8 22. Rdf1 Qe7 23. a3 Rf5 24. g4 Rf7 25. Nh3 Rdf8 26. Rxf7 Rxf7 27. Rxf7 Qxf7 28. Kg2 h6 29. Nhg1 g5 30. Nf3 a6 31. Qe3 Qg6 32. Kg3 Qc2 33. b4 Ka7 34. h4 gxh4+ 35. Kxh4 Qe4 36. Qxe4 dxe4 37. Nd2 Nxd4 38. Nxd4 Bxd4 39. Nxe4 Bxe5 40. Nc5 Bb2 41. a4 Ba3 42. Nd3 e5 43. Nxe5 Bxb4 44. Kh5 Bd2 45. Nc4 Bf4 46. a5 Kb8 47. Nb6 Bc1 48. Nd5 Kc8 49. Ne7+ Kc7 50. Nf5 b5 51. axb6+ Kxb6 52. Nxh6 a5 53. Nf5 Kc5 54. g5 Bxg5 55. Kxg5 a4 56. Ne3 Kd4 57. Nc2+ Kc3 58. Na3 1/2-1/2

[Event "YUG-chT"]
[Site "?"]
[Date "1998.??.??"]
[Round "6"]
[White "Markovic Miroslav"]
[Black "Velimirovic Dragoljub"]
[Result "1-0"]
[WhiteElo "2540"]
[BlackElo "2535"]
[PlyCount "95"]
[EventDate "1998.??.??"]
[Source "www.chesslib.no"]
[SourceDate "2004.05.04"]

1. e4 c5 2. Nf3 d6 3. Bb5+ Bd7 4. Bxd7+ Qxd7 5. O-O Nc6 6. c3 Nf6 7. d4 Nxe4 8. d5 Ne5 9. Re1 Nxf3+ 10. Qxf3 Nf6 11. c4 e5 12. dxe6 fxe6 13. Bg5 Be7 14. Nc3 O-O-O 15. Qe2 h6 16. Bh4 e5 17. Bxf6 gxf6 18. f4 Rhg8 19. Nd5 Rg7 20. Qh5 Rdg8 21. Re2 Bd8 22. Rf1 Qg4 23. Qxg4+ Rxg4 24. h3 R4g6 25. Kh2 a6 26. Rf3 e4 27. Rf1 f5 28. Ne3 Rf8 29. g4 fxg4 30. hxg4 Bf6 31. Kh3 Bd8 32. Nd5 h5 33. g5 Rxg5 34. fxg5 Rxf1 35. g6 Rf3+ 36. Kh2 Rf8 37. Rg2 Rg8 38. g7 Kd7 39. Rg6 Ke8 40. Nf4 Kf7 41. Rxd6 Kxg7 42. Ne6+ Kf6 43. Nxd8+ Ke7 44. Nxb7 Rb8 45. Rh6 e3 46. Kg3 Kf7 47. Nd6+ Kg7 48. Nf5+ 1-0

[Event "Corr"]
[Site "?"]
[Date "2001.06.??"]
[Round "?"]
[White "Hofstetter Hans-Joachim"]
[Black "Mercadal Benejam Josep"]
[Result "1/2-1/2"]
[WhiteElo "2558"]
[BlackElo "2514"]
[PlyCount "56"]
[EventDate "2001.??.??"]
[Source "www.chesslib.no"]
[SourceDate "2004.05.04"]

1. e4 c5 2. Nf3 d6 3. Bb5+ Bd7 4. Bxd7+ Qxd7 5. O-O Nc6 6. c3 Nf6 7. d4 Nxe4 8. d5 Ne5 9. Re1 Nxf3+ 10. Qxf3 Nf6 11. c4 e5 12. dxe6 fxe6 13. Bg5 Be7 14. Nc3 h6 15. Bh4 O-O 16. Qh3 Kf7 17. f4 Rae8 18. Rad1 a6 19. Rd3 b5 20. b3 b4 21. Na4 Bd8 22. Qf3 Qc7 23. Bf2 Qb8 24. Qc6 Bc7 25. Qxa6 Qa8 26. Qxa8 Rxa8 27. h3 Rfe8 28. Bh4 g6 1/2-1/2

[Event "World Cup VII Final"]
[Site "Cork World Cup VII Final"]
[Date "1994.??.??"]
[Round "?"]
[White "Veinger, Itzhak"]
[Black "Heusslein, Wolfgang"]
[Result "1/2-1/2"]
[WhiteElo "2585"]
[BlackElo "2465"]
[PlyCount "91"]
[EventDate "1994.??.??"]
[Source "www.chesslib.no"]
[SourceDate "2004.05.04"]

1. e4 c5 2. Nf3 d6 3. Bb5+ Bd7 4. Bxd7+ Qxd7 5. O-O Nc6 6. c3 Nf6 7. d4 Nxe4 8. d5 Ne5 9. Nxe5 dxe5 10. Re1 Nd6 11. Rxe5 g6 12. Re2 Bg7 13. Bg5 Nf5 14. c4 h6 15. Bf4 O-O 16. Nc3 Rad8 17. Be5 Nd4 18. Bxd4 cxd4 19. Nb5 e6 20. dxe6 fxe6 21. Qd3 a6 22. Na3 Kh7 23. Rd1 e5 24. Nc2 Rc8 25. Ne1 Qf7 26. b3 b5 27. cxb5 Rc3 28. Qd2 axb5 29. Re4 Qb7 30. f3 Rfc8 31. Qe2 Qa6 32. Rd2 Rc1 33. Kf2 Qb6 34. Nd3 Rh1 35. Kg3 Qf6 36. Nf2 Rhc1 37. Ng4 Qf5 38. Nf2 h5 39. Nd3 R1c3 40. h4 R8c7 41. Kh2 Qf8 42. g3 Rf7 43. f4 exf4 44. Nxf4 Rf5 45. Re8 Qf7 46. Re7 1/2-1/2

[Event "SWE-chT 9900"]
[Site "?"]
[Date "2000.??.??"]
[Round "8"]
[White "Brynell Stellan"]
[Black "Hansen Sune Berg"]
[Result "1/2-1/2"]
[WhiteElo "2488"]
[BlackElo "2558"]
[PlyCount "75"]
[EventDate "2000.??.??"]
[Source "www.chesslib.no"]
[SourceDate "2004.05.04"]

1. e4 c5 2. Nf3 d6 3. Bb5+ Bd7 4. Bxd7+ Qxd7 5. O-O Nc6 6. c3 Nf6 7. d4 Nxe4 8. d5 Ne5 9. Re1 Nxf3+ 10. Qxf3 Nf6 11. c4 e5 12. dxe6 fxe6 13. Bg5 Be7 14. Nc3 h6 15. Bh4 O-O 16. Qh3 Kf7 17. f4 Rad8 18. Rad1 Rfe8 19. g4 g6 20. g5 hxg5 21. fxg5 Nh5 22. Rf1+ Kg7 23. Ne4 d5 24. Bg3 e5 25. Bxe5+ Kg8 26. Qxd7 Rxd7 27. Bf6 Bxf6 28. Nxf6+ Nxf6 29. Rxf6 Kg7 30. Rxd5 Rxd5 31. cxd5 Re5 32. Rd6 Rxg5+ 33. Kf2 b5 34. b3 Rh5 35. Kg3 c4 36. bxc4 bxc4 37. a4 c3 38. Rc6 1/2-1/2

[Event "Sauerland Stern Hotel op 1st"]
[Site "?"]
[Date "2001.07.08"]
[Round "6"]
[White "Glek Igor V"]
[Black "Senff Martin"]
[Result "1-0"]
[WhiteElo "2574"]
[BlackElo "2459"]
[PlyCount "45"]
[EventDate "2001.??.??"]
[Source "www.chesslib.no"]
[SourceDate "2004.05.04"]

1. e4 c5 2. Nf3 d6 3. Bb5+ Bd7 4. Bxd7+ Qxd7 5. O-O Nc6 6. c3 Nf6 7. d4 Nxe4 8. d5 Ne5 9. Re1 Nxf3+ 10. Qxf3 Nf6 11. c4 O-O-O 12. b4 Qg4 13. Qb3 e6 14. h3 Qf5 15. Nc3 e5 16. bxc5 dxc5 17. Nb5 Kb8 18. Rb1 Rd7 19. Bb2 Ne4 20. f3 Nd6 21. Bxe5 Qg6 22. Bf4 Ka8 23. Nxa7 1-0

[Event "Corte Ingles op"]
[Site "?"]
[Date "1998.??.??"]
[Round "?"]
[White "Mikhail Ulibin"]
[Black "Mathias Roeder"]
[Result "1/2-1/2"]
[WhiteElo "2555"]
[BlackElo "2445"]
[PlyCount "49"]
[EventDate "1998.??.??"]
[Source "www.chesslib.no"]
[SourceDate "2004.05.04"]

1. e4 c5 2. Nf3 d6 3. Bb5+ Bd7 4. Bxd7+ Qxd7 5. O-O Nc6 6. c3 Nf6 7. d4 Nxe4 8. d5 Ne5 9. Re1 Nxf3+ 10. Qxf3 Nf6 11. c4 e5 12. dxe6 fxe6 13. Bg5 Be7 14. Nc3 h6 15. Bh4 O-O-O 16. Rad1 Rhe8 17. a3 d5 18. Bg3 Bd6 19. cxd5 exd5 20. Rxe8 Qxe8 21. Nxd5 Bxg3 22. hxg3 Rxd5 23. Rxd5 Nxd5 24. Qxd5 Qe7 25. b3 1/2-1/2

[Event "14. CC World Ch Final"]
[Site "14. CC World Ch Final"]
[Date "1994.??.??"]
[Round "?"]
[White "Kristol, Mrs.Luba Danielovna"]
[Black "Boll, Peter A"]
[Result "1/2-1/2"]
[WhiteElo "2415"]
[BlackElo "2580"]
[PlyCount "47"]
[EventDate "1994.??.??"]
[Source "www.chesslib.no"]
[SourceDate "2004.05.04"]

1. e4 c5 2. Nf3 d6 3. Bb5+ Bd7 4. Bxd7+ Qxd7 5. O-O Nc6 6. c3 Nf6 7. d4 Nxe4 8. d5 Ne5 9. Nxe5 dxe5 10. Re1 Nd6 11. Rxe5 g6 12. Re2 Bg7 13. Bg5 Nf5 14. c4 h6 15. Bf4 O-O 16. Nc3 Rad8 17. Qd2 Nd4 18. Re4 g5 19. Be5 Bxe5 20. Rxe5 f6 21. Qd3 fxe5 22. Qg6+ Kh8 23. Qxh6+ Kg8 24. Qg6+ 1/2-1/2

[Event "Santiago"]
[Site "?"]
[Date "1990.??.??"]
[Round "?"]
[White "Pedzich, D."]
[Black "Shirov, A."]
[Result "0-1"]
[WhiteElo "2415"]
[BlackElo "2580"]
[PlyCount "60"]
[EventDate "1990.??.??"]
[Source "ChessBase"]
[SourceDate "1990.07.01"]

1. e4 c5 2. Nf3 d6 3. Bb5+ Bd7 4. Bxd7+ Qxd7 5. O-O Nc6 6. c3 Nf6 7. d4 Nxe4 8. d5 Ne5 9. Nxe5 dxe5 10. Re1 Nd6 11. Rxe5 g6 12. Bf4 Bg7 13. Re1 O-O 14. Na3 b5 15. Qf3 Rfe8 16. Rad1 Rac8 17. Nc2 Nc4 18. b3 Nb6 19. Be5 Bxe5 20. Rxe5 Qd6 21. Ree1 c4 22. Rd4 Rc5 23. Ne3 cxb3 24. axb3 Rec8 25. Qg4 Rxc3 26. Nf5 Rc1 27. Rde4 Qb4 28. Nxe7+ Kg7 29. Qe2 Rxe1+ 30. Qxe1 Qxe4 0-1

[Event "BL2-West 0203"]
[Site "?"]
[Date "2003.03.30"]
[Round "9.1"]
[White "Glek Igor V"]
[Black "Balcerak Jakob"]
[Result "1/2-1/2"]
[WhiteElo "2576"]
[BlackElo "2411"]
[PlyCount "105"]
[EventDate "2003.??.??"]
[Source "www.chesslib.no"]
[SourceDate "2004.05.04"]

1. e4 c5 2. Nf3 d6 3. Bb5+ Bd7 4. Bxd7+ Qxd7 5. O-O Nc6 6. c3 Nf6 7. d4 Nxe4 8. d5 Ne5 9. Re1 Nxf3+ 10. Qxf3 Nf6 11. Na3 e5 12. dxe6 fxe6 13. Bg5 Be7 14. Rad1 O-O-O 15. Nc4 Rhf8 16. Qe2 d5 17. Nd2 Bd6 18. Qxe6 Qxe6 19. Rxe6 Kd7 20. Re2 Rde8 21. Rxe8 Nxe8 22. Nf3 Nc7 23. h4 Kc6 24. Kf1 b5 25. Be3 a5 26. h5 Bf4 27. Re1 Kd6 28. a3 Ne6 29. Ke2 Bxe3 30. fxe3 c4 31. Rh1 h6 32. Rh4 b4 33. Rg4 bxc3 34. bxc3 Rb8 35. Rg6 Rb2+ 36. Kd1 Ke7 37. Nd4 Nxd4 38. exd4 Kf7 39. Rd6 Ra2 40. Rxd5 Rxa3 41. Kd2 Ra2+ 42. Ke3 Rc2 43. Rxa5 Rxc3+ 44. Kf4 Rc2 45. g4 c3 46. Rc5 Rd2 47. Ke5 c2 48. Rc7+ Ke8 49. d5 Kd8 50. d6 Rf2 51. Ke6 Rf6+ 52. Ke5 Rf2 53. Ke6 1/2-1/2

[Event "BL2-West 0203"]
[Site "?"]
[Date "2002.10.20"]
[Round "1.1"]
[White "Degraeve Jean-Marc"]
[Black "Balcerak Jakob"]
[Result "1/2-1/2"]
[WhiteElo "2575"]
[BlackElo "2411"]
[PlyCount "51"]
[EventDate "2002.??.??"]
[Source "www.chesslib.no"]
[SourceDate "2004.05.04"]

1. e4 c5 2. Nf3 d6 3. Bb5+ Bd7 4. Bxd7+ Qxd7 5. O-O Nc6 6. c3 Nf6 7. d4 Nxe4 8. d5 Ne5 9. Re1 Nxf3+ 10. Qxf3 Nf6 11. c4 e5 12. dxe6 fxe6 13. Bg5 Be7 14. Nc3 h6 15. Bh4 O-O 16. Qh3 g5 17. Bg3 e5 18. Qxh6 Qf5 19. f3 Kf7 20. Ne4 Rg8 21. Nxf6 Bxf6 22. Qh5+ Ke6 23. h3 Rh8 24. Qg4 Qxg4 25. hxg4 a6 26. Re2 1/2-1/2

[Event "4. EU ch.final"]
[Site "IV EU ch.final"]
[Date "1995.??.??"]
[Round "?"]
[White "Loginow"]
[Black "Karelin/RUS-Poli/ITA"]
[Result "0-1"]
[WhiteElo "2530"]
[BlackElo "2455"]
[PlyCount "80"]
[EventDate "1995.??.??"]
[Source "www.chesslib.no"]
[SourceDate "2004.05.04"]

1. e4 c5 2. Nf3 d6 3. Bb5+ Bd7 4. Bxd7+ Qxd7 5. O-O Nc6 6. c3 Nf6 7. d4 Nxe4 8. d5 Ne5 9. Nxe5 dxe5 10. Re1 Nd6 11. Rxe5 g6 12. Re2 Bg7 13. Bf4 O-O 14. Na3 Rad8 15. Qd3 Nf5 16. Rd1 Rfe8 17. Red2 Bf6 18. Qc4 b6 19. h3 Nd6 20. Qa6 Ne4 21. Re2 Qf5 22. Qa4 Qxf4 23. Rxe4 Qb8 24. Nb5 Rd7 25. Re3 Red8 26. Red3 Qb7 27. Qc4 a6 28. Na3 Qc8 29. b3 b5 30. Qe4 c4 31. bxc4 Qc5 32. Nb1 bxc4 33. R3d2 Rb8 34. g4 Rdb7 35. Kg2 Rb2 36. Rxb2 Rxb2 37. Qf3 Bg5 38. d6 exd6 39. Rd5 Rxf2+ 40. Qxf2 Qxd5+ 0-1

[Event "Bayamo"]
[Site "Bayamo"]
[Date "1980.??.??"]
[Round "?"]
[White "Nogueiras, Jesus"]
[Black "Garcia Gonzales, Guillermo"]
[Result "1/2-1/2"]
[WhiteElo "2455"]
[BlackElo "2505"]
[PlyCount "66"]
[EventDate "1980.??.??"]
[Source "www.chesslib.no"]
[SourceDate "2004.05.04"]

1. e4 c5 2. Nf3 d6 3. Bb5+ Bd7 4. Bxd7+ Qxd7 5. O-O Nc6 6. c3 Nf6 7. d4 cxd4 8. cxd4 e6 9. d5 Ne5 10. dxe6 Nxf3+ 11. Qxf3 fxe6 12. Rd1 Qc6 13. Nc3 Be7 14. Bg5 O-O 15. Qh3 Qd7 16. e5 Ne8 17. Be3 Rf5 18. exd6 Nxd6 19. Ne4 b6 20. Rd4 Rd8 21. Rad1 Qc7 22. Ng3 Rf6 23. Nh5 Rf5 24. Qg4 Ne8 25. Rxd8 Bxd8 26. Ng3 Nf6 27. Qh3 Rd5 28. Qxe6+ Qf7 29. Qxf7+ Kxf7 30. Rd4 Bc7 31. Kf1 Ra5 32. a3 Be5 33. Rb4 Nd5 1/2-1/2

[Event "Recklinghausen"]
[Site "Recklinghausen"]
[Date "1997.??.??"]
[Round "8"]
[White "Maiwald, Jens Uwe"]
[Black "Lazarev, Vladimir"]
[Result "1/2-1/2"]
[WhiteElo "2450"]
[BlackElo "2500"]
[PlyCount "21"]
[EventDate "1997.07.??"]
[Source "ChessBase"]
[SourceDate "1997.11.24"]

1. e4 c5 2. Nf3 d6 3. Bb5+ Bd7 4. Bxd7+ Qxd7 5. O-O Nc6 6. c3 Nf6 7. d4 Nxe4 8. d5 Ne5 9. Re1 Nxf3+ 10. Qxf3 Nf6 11. Na3 1/2-1/2

[Event "I Torneo de Ajedrez 4 Naciones"]
[Site "Barcelona"]
[Date "2003.12.17"]
[Round "3.2"]
[White "Shaw, John"]
[Black "Gomez Esteban, Juan Mario"]
[Result "1/2-1/2"]
[WhiteElo "2468"]
[BlackElo "2465"]
[PlyCount "151"]
[EventDate "2003.12.15"]
[Source "Roberto Alvarez"]
[SourceDate "2003.12.31"]

1. e4 c5 2. Nf3 d6 3. Bb5+ Bd7 4. Bxd7+ Qxd7 5. O-O Nc6 6. c3 Nf6 7. d4 Nxe4 8. d5 Nb8 9. Re1 Nf6 10. Bg5 Na6 11. c4 O-O-O 12. Nc3 h6 13. Bxf6 gxf6 14. a3 Rg8 15. Rb1 Kb8 16. Qe2 Rc8 17. Nd2 f5 18. Nd1 Rg6 19. b4 e6 20. b5 Nc7 21. b6 axb6 22. Rxb6 Ka7 23. Rb3 Bg7 24. Ne3 Rb8 25. Qf3 Bd4 26. Reb1 Na6 27. Rb5 Rg7 28. Nb3 b6 29. Nxd4 cxd4 30. Nc2 e5 31. Nb4 Nxb4 32. R1xb4 Rb7 33. Qb3 Qd8 34. a4 Qg5 35. g3 Qc1+ 36. Kg2 Qc3 37. Qb1 e4 38. Rxb6 Rxb6 39. Rxb6 f6 40. Rb8 Qa5 41. Rb5 Qc3 42. Rb8 Qa5 43. Rb4 d3 44. Qe1 Ka6 45. Qb1 d2 46. Rb8 Ka7 47. Rb2 Qc3 48. Rb8 Qa5 49. Rb2 f4 50. Qd1 e3 51. fxe3 fxe3 52. Qb3 Qc5 53. Kf3 Re7 54. Ke2 f5 55. Qb8+ Ka6 56. Qb5+ Qxb5 57. cxb5+ Ka5 58. Rb1 Kxa4 59. b6 Rb7 60. Kxe3 Rxb6 61. Ra1+ Kb3 62. Rd1 Kc4 63. Rxd2 Rb5 64. Rd4+ Kc5 65. Rd2 Kc4 66. Rd4+ Kc5 67. Rf4 Rb3+ 68. Ke2 Rb2+ 69. Ke3 Rxh2 70. Rxf5 h5 71. Rg5 h4 72. gxh4 Rxh4 73. Kd3 Rd4+ 74. Kc3 Rxd5 75. Rxd5+ Kxd5 76. Kd3 1/2-1/2

[Event "SAIZ"]
[Site "?"]
[Date "1993.??.??"]
[Round "?"]
[White "Aldama, D."]
[Black "Becerra, J."]
[Result "0-1"]
[WhiteElo "2460"]
[BlackElo "2470"]
[PlyCount "86"]
[EventDate "1993.??.??"]
[Source "www.chesslib.no"]
[SourceDate "2004.05.04"]

1. e4 c5 2. Nf3 d6 3. Bb5+ Bd7 4. Bxd7+ Qxd7 5. O-O Nc6 6. c3 Nf6 7. d4 Nxe4 8. d5 Nb8 9. Re1 Nf6 10. Bg5 Qf5 11. Bxf6 gxf6 12. Na3 Rg8 13. Nb5 Kd8 14. b4 a6 15. Na3 Nd7 16. g3 cxb4 17. cxb4 Rc8 18. Rb1 h5 19. Rb3 Rg4 20. b5 a5 21. Qd2 Ra4 22. b6 Rc5 23. Rd1 Qe4 24. Ne1 h4 25. Nb5 Rb4 26. Nc3 Qg4 27. f3 Qg6 28. Nd3 Rd4 29. Ne4 Bh6 30. Qe2 Rcc4 31. Rb5 f5 32. Nef2 hxg3 33. hxg3 Qxg3+ 34. Kf1 Rh4 35. Rxa5 Rc8 36. Re1 Bg5 37. f4 Rh2 38. Qd2 Bh4 39. Re3 Rc1+ 40. Re1 Qg2+ 41. Ke2 Qe4+ 42. Kf1 Rh1+ 43. Nxh1 Qxh1+ 0-1

[Event "II Magitral Ciutat de Badalona"]
[Site "Badalona"]
[Date "2003.03.13"]
[Round "1"]
[White "Iglesias, Jorge"]
[Black "Kolev, Atanas"]
[Result "1/2-1/2"]
[WhiteElo "2368"]
[BlackElo "2556"]
[PlyCount "45"]
[EventDate "2003.03.11"]
[Source "Roberto Alvarez"]
[SourceDate "2003.03.17"]

1. e4 c5 2. Nf3 d6 3. Bb5+ Bd7 4. Bxd7+ Qxd7 5. O-O Nc6 6. c3 Nf6 7. d4 Nxe4 8. d5 Ne5 9. Re1 Nf6 10. Nxe5 dxe5 11. Rxe5 e6 12. c4 Bd6 13. dxe6 fxe6 14. Re1 O-O-O 15. Qe2 Rhe8 16. Nc3 Qc6 17. Nb5 Bb8 18. Bf4 e5 19. Bg5 h6 20. Bxf6 gxf6 21. Nc3 Rd4 22. Nd5 f5 23. Nc3 1/2-1/2

[Event "SUI-chT SMM"]
[Site "SUI"]
[Date "2003.09.07"]
[Round "7.2"]
[White "King, Daniel"]
[Black "Nemet, Ivan"]
[Result "1/2-1/2"]
[WhiteElo "2506"]
[BlackElo "2401"]
[PlyCount "83"]
[EventDate "2003.??.??"]
[Source "Roberto Alvarez"]
[SourceDate "2003.10.13"]

1. e4 c5 2. Nf3 d6 3. Bb5+ Bd7 4. Bxd7+ Qxd7 5. O-O Nc6 6. c3 Nf6 7. d4 cxd4 8. cxd4 d5 9. e5 Ne4 10. Ne1 h6 11. f3 Ng5 12. Nc3 e6 13. Be3 Be7 14. Nd3 Nh7 15. f4 O-O 16. Ne2 b6 17. Qd2 a5 18. a4 f5 19. h3 Rac8 20. Nc3 Nb4 21. Rfc1 Rc6 22. Nb5 Rfc8 23. Ne1 Nf8 24. Rxc6 Rxc6 25. Rc1 Ng6 26. Rxc6 Qxc6 27. Qc3 Qc4 28. g3 Kf7 29. b3 Qxc3 30. Nxc3 Ke8 31. Kf2 Kd7 32. Ke2 Nf8 33. h4 Nc6 34. Nc2 h5 35. Nb5 Nb4 36. Nxb4 Bxb4 37. Bd2 Be7 38. Bc1 Ng6 39. Ba3 Bxa3 40. Nxa3 Ne7 41. Kd3 Nc6 42. Nb5 1/2-1/2

[Event "Corr"]
[Site "?"]
[Date "2002.06.15"]
[Round "?"]
[White "Hofstetter Hans-Joachim"]
[Black "Mazzeo Alberto"]
[Result "1-0"]
[WhiteElo "2545"]
[BlackElo "2341"]
[PlyCount "147"]
[EventDate "2002.??.??"]
[Source "www.chesslib.no"]
[SourceDate "2004.05.04"]

1. e4 c5 2. Nf3 d6 3. Bb5+ Bd7 4. Bxd7+ Qxd7 5. O-O Nc6 6. c3 Nf6 7. d4 Nxe4 8. d5 Ne5 9. Re1 f5 10. Nbd2 Nxf3+ 11. Qxf3 Nf6 12. Re6 g6 13. a4 Bg7 14. Nc4 O-O 15. Bg5 Rae8 16. h4 Nh5 17. Rae1 Bf6 18. b3 Bxg5 19. hxg5 Ng7 20. R6e2 b6 21. Kf1 f4 22. Nd2 Rf5 23. Qg4 Qd8 24. c4 e5 25. dxe6 Rxg5 26. Qxf4 Rf5 27. Qg4 Re5 28. Nf3 Rxe2 29. Rxe2 d5 30. e7 Qd6 31. Re5 d4 32. Qe4 Nf5 33. Re6 Qd7 34. g4 Nxe7 35. Qe5 Qb7 36. Nd2 Qh1+ 37. Ke2 d3+ 38. Kxd3 Rd8+ 39. Ke2 Nc6 40. Re8+ Rxe8 41. Qxe8+ Kg7 42. Nf3 Nd4+ 43. Nxd4 cxd4 44. Qe7+ Kg8 45. Qd8+ Kf7 46. Qd7+ Kg8 47. Qxd4 Qb1 48. Qd3 Qb2+ 49. Kf3 Qf6+ 50. Kg3 Qe5+ 51. Kg2 Kf7 52. Qd7+ Kf6 53. Qd8+ Kg7 54. Qd2 h5 55. gxh5 Qxh5 56. Qd4+ Kf8 57. b4 Qg5+ 58. Kf3 Qh5+ 59. Ke3 Qh3+ 60. Kd2 Qh6+ 61. Kc2 Qh5 62. c5 Qe2+ 63. Kc3 Qe1+ 64. Kc4 Qe6+ 65. Qd5 Qe2+ 66. Kb3 Qa6 67. Qd8+ Kg7 68. c6 Qf1 69. c7 Qb1+ 70. Kc4 Qa2+ 71. Kb5 Qe2+ 72. Kc6 Qe4+ 73. Qd5 Qc2+ 74. Kb7 1-0

[Event "Magno Mercenarios 9th"]
[Site "?"]
[Date "1996.??.??"]
[Round "?"]
[White "Aldama Degurnay"]
[Black "Almeida Saenz Alfonso"]
[Result "1/2-1/2"]
[WhiteElo "2445"]
[BlackElo "2440"]
[PlyCount "59"]
[EventDate "1996.??.??"]
[Source "www.chesslib.no"]
[SourceDate "2004.05.04"]

1. e4 c5 2. Nf3 d6 3. Bb5+ Bd7 4. Bxd7+ Qxd7 5. O-O Nc6 6. c3 Nf6 7. d4 g6 8. d5 Ne5 9. Nxe5 dxe5 10. Re1 Bg7 11. c4 O-O 12. Nc3 b6 13. a4 Ne8 14. a5 Nd6 15. Qb3 Rab8 16. axb6 axb6 17. Nb5 Rb7 18. Ra6 f5 19. Nxd6 exd6 20. Rxb6 Rxb6 21. Qxb6 fxe4 22. Qb3 Qf5 23. Qc2 Ra8 24. Qxe4 Qxe4 25. Rxe4 Ra1 26. Re1 Ra4 27. b3 Rb4 28. Re3 Bh6 29. Ba3 Bxe3 30. Bxb4 1/2-1/2